000 00676nam a22001577a 4500
003 OSt
005 20151022093623.0
008 151022b xxu||||| |||| 00| 0 eng d
040 _cRUA
082 _aAVM LIN 2009 B089 Or.1
100 _92679
_aLIN, BOVAN.
245 _aStudy on small scale of buffaloes raising pech chreada district, mondulkiri province (ការសិក្សាអំពីការចញ្ចឺមក្របីជាលក្ខណះគ្រួសារនៅក្នុងស្រុកពេជ្រាដាខេត្តមណ្ឌលគិរី)
260 _aPhnom Penh
_bRUA
_c2009
300 _ax, 47p.
_bill.
_c29cm.
942 _2ddc
_cAVM
999 _c2509
_d2509